| 000 | 00407nab a2200145Ia 4500 | ||
|---|---|---|---|
| 003 | ES-SlBCS | ||
| 005 | 20210601124056.0 | ||
| 008 | 140529s1981 xxu||||| |||| 00| 0 eng d | ||
| 041 | _aeng | ||
| 100 | 1 |
_aAlthann, Robert _9134706 |
|
| 245 | 0 | 0 |
_a1 Sam 13,1: A Poetic Couplet _c Robert Althann |
| 630 | 0 | 4 |
_a1 Samuel 13 _9134808 |
| 773 | 0 |
_tBiblica _gvol. 62, nº. 2, 1981, págs. 241-246 _wRev78 |
|
| 942 | _cAR | ||
| 999 |
_c508841 _d508841 |
||